00445nam a2200157Ia 4500008004100000100002100041245001700062245002000079260002500099260000900124300003100133440008500164650001000249650001300259650001500272190423s9999 xx 000 0 und d aShteyngart, Gary aRobots rule/ cGary Shteyngart bReader's Digest Asia c2018 aPages 82-89, December 2018 aAsia Reader's Digest: William Shakespeare Centuries of Shaping Languagev114:670 aKorea aRobotics aTechnology